000 00526nam a2200157 a 4500
001 000048551
005 20201002061232.0
008 190329s2015 dr a r 000 0 spa d
040 _aDO-SdBNP
_bspa
_cBNPHU
082 _axxxx
_bR426d
245 0 0 _aRepública Dominicana 2015 :
_bla situación de los Derechos Humanos y el desafío de protegerlos a todos y todas.
260 _aSanto Domingo :
_bCentro Bonó,
_c2015.
300 _a79 p. :
_bil. ;
_c26 cm.
504 _aBibliografía : p. 78-79
590 _aInventariado, 2019/BT
999 _c48039
_d48039